[Event "Risarald op"]
[White "Garcia Echeverri, Kevin"]
[Black "Hernandez, Stefano"]
[Site "Risarald"]
[Round "2"]
[Result "1-0"]
[Date "2015.06.13"]
[WhiteElo "1524"]
[BlackElo "1766"]
[PlyCount "35"]
[EventDate "2015.06.12"]
[EventType "swiss"]
[EventRounds "7"]
[EventCountry "COL"]
[SourceTitle "CBM 167 Extra"]
[Source "ChessBase"]
[SourceDate "2015.09.14"]
[SourceVersion "1"]
[SourceVersionDate "2015.09.14"]
[SourceQuality "1"]

1. e4 c5 2. Nf3 d6 3. Bb5+ Bd7 4. Bxd7+ Nxd7 5. d3 Ngf6 6. Nc3 e6 7. 0-0 Be7 8. Qe2 Qc7 9. Be3 Nb6 10. Rad1 e5 11. Nh4 Nxe4 12. dxe4 Bxh4 13. f4 Bf6 14. Nb5 Qc6 15. Rxd6 Qc8 16. Rxf6 Qd8 17. Rd6 Qe7 18. Bxc5 1-0

[Event "Risaralda Province-ch"]
[White "Franco, Juan Manuel"]
[Black "Garcia Echeverri, Kevin"]
[Site "Pereira"]
[Round "4"]
[Result "1-0"]
[Date "2013.11.30"]
[WhiteElo "1526"]
[BlackElo "1500"]
[PlyCount "57"]
[EventDate "2013.11.27"]
[EventType "swiss"]
[EventRounds "7"]
[EventCountry "COL"]
[SourceTitle "EXT 2018"]
[Source "ChessBase"]
[SourceDate "2017.10.13"]
[SourceVersion "1"]
[SourceVersionDate "2017.10.13"]
[SourceQuality "1"]

1. d4 e6 2. e4 d5 3. exd5 exd5 4. Nc3 c6 5. Nf3 Nf6 6. Bg5 Be7 7. h3 Nbd7 8. Bd3 Qb6 9. Rb1 h6 10. Bh4 c5 11. Bb5 cxd4 12. Nxd4 0-0 13. 0-0 Re8 14. Re1 Kh8 15. Nf5 g5 16. Nxe7 Rxe7 17. Rxe7 gxh4 18. Qd2 Ne4 19. Nxe4 dxe4 20. Bxd7 Bxd7 21. Qxd7 Rd8 22. Re8+ Rxe8 23. Qxe8+ Kg7 24. Qxe4 Qf6 25. Qxb7 a5 26. Qc7 a4 27. Qc3 Qxc3 28. bxc3 f5 29. Rd1 1-0

[Event "Risaralda Province-ch"]
[White "Garcia Echeverri, Kevin"]
[Black "Lopez Idarraga, Daniel Eduardo"]
[Site "Pereira"]
[Round "1"]
[Result "0-1"]
[Date "2013.11.27"]
[WhiteElo "1500"]
[BlackElo "2084"]
[PlyCount "58"]
[EventDate "2013.11.27"]
[EventType "swiss"]
[EventRounds "7"]
[EventCountry "COL"]
[SourceTitle "EXT 2018"]
[Source "ChessBase"]
[SourceDate "2017.10.13"]
[SourceVersion "1"]
[SourceVersionDate "2017.10.13"]
[SourceQuality "1"]

1. e4 c5 2. Nf3 d6 3. Nc3 a6 4. Be2 Nf6 5. 0-0 Nc6 6. Bd3 g6 7. Re1 Bg7 8. e5 dxe5 9. Nxe5 Nxe5 10. Rxe5 Qc7 11. Re1 0-0 12. Bc4 b5 13. Bd5 Rb8 14. Bf3 b4 15. Nd5 Nxd5 16. Bxd5 Rd8 17. Qf3 e6 18. Bb3 c4 19. Ba4 Bb7 20. Qg3 Qa5 21. Bd7 Ra8 22. Bxe6 fxe6 23. Rxe6 Qd5 24. Re2 Re8 25. Qf3 Rxe2 26. Qxd5+ Bxd5 27. h3 Re1+ 28. Kh2 Be5+ 29. g3 Rh1# 0-1